000
002500000a22000970004500
100
1
_a
Zuccherino, Daniel
245
1
0
_a
Dios levanta del polvo al pobre
300
_a
Vol.7, núm.7 ( 2006), Páginas 110-111
773
0
_t
Conquista Cristiana
942
_c
ANA
999
_c
61596
_d
61596